000 00349nam a2200145Ia 4500
008 231129s1985||||xx |||||||||||||| ||spa||
020 _a84-7530-747-7
040 _bspa
082 _aE823 C947c
100 _aCronin A. J.
245 0 _aLa ciudadela
260 _c1985
264 _aOrbis
942 _2ddc
_cBKS
999 _c16651
_d16651